00948nab a22002057a 4500003000400000005001700004008004100021040000700062100002400069245013100093300001300224500003700237505011400274505010700388650002300495650002000518650002500538650002900563773015000592OSt20260125225910.0190514b xxu||||| |||| 00| 0 spa d cPJ aMansilla, Emmanuel 13aEl derecho real de habitación del cónyuge supérstite desde una mirada constitucional-convencional /cEmmanuel Mansilla.  ap. 22-28 aCita: TR LALEY AR/DOC/1516/2024. aSumario: I. Situación fáctica.— II. Fundamentos del tribunal.— III. Comentario.— IV. Conclusión.  tFallo comentado: CNCiv., sala G ~ 29/12/2023 ~ V., F. D. c. DE V., S. I. s/ partición de herencia.  0aDERECHO DE FAMILIA 0aDERECHOS REALES 0aCÓNYUGE SUPERSTITE 0aJURISPRUDENCIA APLICABLE0 02844dBuenos Aires : AbeledoPerrot, 1989-tDerecho de familia. Revista Interdisciplinaria de doctrina y jurisprudencia. Agosto 2024-IV.z18511201